| 000 | 00467 a2200205 4500 | ||
|---|---|---|---|
| 260 | _aParis | ||
| 100 | _aNADEAU, Jean-Pierre | ||
| 260 | _bLavoisier | ||
| 245 | _aSéchage : des processus physiques aux procédés industriels | ||
| 300 | _aXXV-307p. | ||
| 650 | _aséchage | ||
| 650 | _aatomisation | ||
| 650 | _aindustrie | ||
| 260 | _c1995 | ||
| 300 | _bcouv.ill.en coul. | ||
| 130 | _lFr. | ||
| 020 | _a2-7430-0018-X | ||
| 999 |
_c27785 _d27785 |
||